000 00531nam 22001813 4500
001 199840
090 _a199840
100 _a20260112d u||y0pory50 ba
200 _aFísica em Módulos de ensino
_eóptica , ondas, calor : segundo grau
_fVasco Pedro Moretto
205 _a
210 _aSão Paulo
_cEditora Ática
_d1980
215 _a480 p.
_cil. ; brochado
_d22 cm
606 _912746
_aFísica
675 _a53
_vBR
_zpor
700 _915662
_aMoretto
_bVasco Pedro
_f1942-
801 _aPT
_bBMMN
_gRPC
830 _cAna
_fAna
990 _cLIVROS